Tratado completo de mecánica (Record no. 68453)

MARC details
000 -LEADER
campo de control de longitud fija 00602nam a22001695i 4500
001 - NÚMERO DE CONTROL
campo de control 68453
003 - IDENTIFICADOR DE NÚMERO DE CONTROL
campo de control ES-MaACL
005 - FECHA Y HORA DE LA ÚLTIMA TRANSACCIÓN
campo de control 20230906170305.0
007 - CAMPO FIJO DE DESCRIPCIÓN FÍSICA--INFORMACIÓN GENERAL
campo de control de longitud fija t|
008 - DATOS DE LONGITUD FIJA--INFORMACIÓN GENERAL
campo de control de longitud fija 960802s1840 sp ||||1| spa d
040 ## - FUENTE DE CATALOGACIÓN
Centro catalogador/agencia de origen CAM
Lengua de catalogación spa
Centro/agencia transcriptor CAM
100 1# - ENTRADA PRINCIPAL--NOMBRE DE PERSONA
Nombre de persona García San Pedro, Fernando.
9 (RLIN) 55255
245 10 - MENCIÓN DEL TÍTULO
Título Tratado completo de mecánica
Resto del título : destinado á la enseñanza en la Academia Especial de Ingenieros del Ejército /
Mención de responsabilidad, etc. por Fernando García San Pedro.
260 ## - PUBLICACIÓN, DISTRIBUCIÓN, ETC.
Lugar de publicación, distribución, etc. Madrid :
Nombre del editor, distribuidor, etc. [s.n.],
Fecha de publicación, distribución, etc. 1840 (
Fabricante Imprenta Real)
300 ## - DESCRIPCIÓN FÍSICA
Extensión XV, [1] en bl., 485, [2] p., [2] h. pleg. ;
Dimensiones 22 cm.
852 ## - LOCALIZACIÓN
Ubicación ES-MaACL
Número de control de estantería F-5034
Holdings
Estatus retirado Estado de pérdida Estado de daño No para préstamo Colección Biblioteca de origen Biblioteca actual Ubicación en estantería Fecha de adquisición Fuente de adquisición Total de préstamos Signatura topográfica completa Código de barras Visto por última vez Precio de reemplazo Tipo de ítem Koha
        Libros del s. XIX Biblioteca del Ateneo de Madrid Biblioteca del Ateneo de Madrid Depósito 2 17/01/2008     F-5034 1071658 23/02/2023 23/02/2023 Libro impreso antiguo